00389nam a2200133Ia 4500008004100000100002300041245002300064260000900087300003500096440002400131650000900155999001900164952007200183180117s9999 xx 000 0 und d aby Margarita Fores 4aThe future of Food c2017 a28-29 pages, 2017 September 24 aPhilippine Panorama aFOOD c353291d353291 001040aCLbCLd2018-01-17l0r2018-01-17 00:00:00w2018-01-17ySE